Blue traditions (Record no. 10162)

MARC details
000 -CABECERA
campo de control de longitud fija 01032nam a2200265 a 4500
001 - NÚMERO DE CONTROL
campo de control BRL_1350
005 - FECHA Y HORA DE LA ÚLTIMA TRANSACCIÓN
campo de control 20190320211148.0
008 - DATOS DE LONGITUD FIJA--INFORMACIÓN GENERAL
campo de control de longitud fija 080114s1973----u--ao#####---#000-0#eng-#
041 ## - CÓDIGO DE LENGUA
Código de lengua del texto/banda sonora o título independiente eng
044 ## - CÓDIGO DEL PAÍS DE LA ENTIDAD EDITORA/PRODUCTORA
Código MARC del país u
050 #4 - SIGNATURA TOPOGRÁFICA DE LA BIBLIOTECA DEL CONGRESO
Número de clasificación TS1306.U452
Número de documento/Ítem .B58 1973
245 10 - MENCIÓN DE TÍTULO
Título Blue traditions
Resto del título indigo dyed textiles and related cobalt glazed ceramics from the 17th through 19th century
Mención de responsabilidad, etc. Introduction and commentary by Dena S. Katzenberg.
260 ## - PUBLICACIÓN, DISTRIBUCIÓN, ETC.
Lugar de publicación, distribución, etc. Baltimore, Maryland
Nombre del editor, distribuidor, etc. The Baltimore Museum of Art
Fecha de publicación, distribución, etc. 1973
300 ## - DESCRIPCIÓN FÍSICA
Extensión x, 203 p.
Otras características físicas il.
Dimensiones 28 cm.
500 ## - NOTA GENERAL
Nota general Au1592
500 ## - NOTA GENERAL
Nota general Catálogo de la exposición realizada en The Baltimore Museum of Art del 4 december 1973 - 20 january 1974
504 ## - NOTA DE BIBLIOGRAFÍA, ETC.
Nota de bibliografía, etc. Bibliografía: p. 199-203
650 14 - PUNTO DE ACCESO ADICIONAL DE MATERIA--TÉRMINO DE MATERIA
Término de materia o nombre geográfico como elemento de entrada Telas
Subdivisión de forma Exposiciones
Subdivisión cronológica Siglos XVII y XIX
9 (RLIN) 26609
650 14 - PUNTO DE ACCESO ADICIONAL DE MATERIA--TÉRMINO DE MATERIA
Término de materia o nombre geográfico como elemento de entrada Textiles
Subdivisión de forma Exposiciones
Subdivisión cronológica Siglos XVII y XIX
9 (RLIN) 26610
650 14 - PUNTO DE ACCESO ADICIONAL DE MATERIA--TÉRMINO DE MATERIA
Término de materia o nombre geográfico como elemento de entrada Indigo
Subdivisión de forma Exposiciones
Subdivisión cronológica Siglos XVII y XIX
9 (RLIN) 26611
700 1# - PUNTO DE ACCESO ADICIONAL--NOMBRE DE PERSONA
Nombre de persona Katzenberg, Dena S.
9 (RLIN) 26612
710 2# - PUNTO DE ACCESO ADICIONAL--NOMBRE DE ENTIDAD CORPORATIVA
Nombre de entidad corporativa o nombre de jurisdicción como elemento de entrada Baltimore Museum of Art
9 (RLIN) 26613
902 ## - CATALOGADOR
Iniciales GRL
942 ## - ELEMENTOS DE PUNTO DE ACCESO ADICIONAL (KOHA)
Fuente del sistema de clasificación o colocación Library of Congress Classification
Tipo de ítem Koha Libros
Holdings
Estado de retiro Estado de pérdida Estado dañado No para préstamo Localización permanente Ubicación/localización actual Fecha de adquisición Número de inventario Total de préstamos Signatura topográfica completa Código de barras Fecha visto por última vez Precio válido a partir de Tipo de ítem Koha
El ejemplar forma parte de la colección y puede ser consultado según las políticas vigentes.       Biblioteca Centro de Estudios Ruth D. Lechuga Biblioteca Centro de Estudios Ruth D. Lechuga 08/01/2014 Au1592   TS1306.U452 .B58 1973 (Au1592) GRL01508 22/03/2019 22/03/2019 Libros